Thermal environmental engineering (Record no. 13003)

000 -LEADER
fixed length control field 00498nam a2200193 4500
001 - CONTROL NUMBER
control field 13003
003 - CONTROL NUMBER IDENTIFIER
control field BD-DhUET
008 - FIXED-LENGTH DATA ELEMENTS--GENERAL INFORMATION
fixed length control field 700513s1970 njuad b 001 0 eng
020 ## - INTERNATIONAL STANDARD BOOK NUMBER
International Standard Book Number 139147217
040 ## - CATALOGING SOURCE
Original cataloging agency DLC
Transcribing agency DLC
Modifying agency BD-DhUET
082 ## - DEWEY DECIMAL CLASSIFICATION NUMBER
Classification number 697.93
Item number THR/1970
100 1# - MAIN ENTRY--PERSONAL NAME
Personal name Threlkeld, James L.
245 10 - TITLE STATEMENT
Title Thermal environmental engineering
250 ## - EDITION STATEMENT
Edition statement 2nd ed.
260 ## - PUBLICATION, DISTRIBUTION, ETC. (IMPRINT)
Place of publication, distribution, etc. New Jersey
Name of publisher, distributor, etc. Prentice-Hall
Date of publication, distribution, etc. 1970
300 ## - PHYSICAL DESCRIPTION
Extent xvi, 495 p.
Other physical details illus.
Dimensions 25 cm.
650 #0 - SUBJECT ADDED ENTRY--TOPICAL TERM
Topical term or geographic name as entry element Air Conditioning
942 ## - ADDED ENTRY ELEMENTS (KOHA)
Koha item type General Book
Holdings
Withdrawn status Sublocation or collection (holding branch) Date acquired Shelving location Lost status Koha date last seen Copy number Piece designation (barcode) Source of classification or shelving scheme Not for loan Koha full call number Price effective from Koha item type Damaged status Location (home branch) Koha normalized classification for sorting
 Central Library, BUET2015-02-28Circulation section 2015-02-28147970  697.93/THR/19702015-02-28General Book Central Library, BUET697_930000000000000_THR_1970
 Central Library, BUET2015-02-28Circulation section 2015-02-28255662  697.93/THR/19702015-02-28General Book Central Library, BUET697_930000000000000_THR_1970
 Central Library, BUET2015-05-17Circulation section 2015-05-17317689  697.93/THR/19702015-05-17General Book Central Library, BUET697_930000000000000_THR_1970
 Central Library, BUET2015-05-17Circulation section 2015-05-17417690  697.93/THR/19702015-05-17General Book Central Library, BUET697_930000000000000_THR_1970
 Central Library, BUET2015-05-17Circulation section 2015-05-17517691  697.93/THR/19702015-05-17General Book Central Library, BUET697_930000000000000_THR_1970
 Central Library, BUET2015-05-17Circulation section 2015-05-17617692  697.93/THR/19702015-05-17General Book Central Library, BUET697_930000000000000_THR_1970
 Central Library, BUET2015-05-17Circulation section 2015-05-17717693  697.93/THR/19702015-05-17General Book Central Library, BUET697_930000000000000_THR_1970
 Central Library, BUET2015-05-17Circulation section 2015-05-17819442  697.93/THR/19702015-05-17General Book Central Library, BUET697_930000000000000_THR_1970
 Central Library, BUET2015-05-17Circulation section 2015-05-17925333  697.93/THR/19702015-05-17General Book Central Library, BUET697_930000000000000_THR_1970
 Central Library, BUET2015-05-17Circulation section 2015-05-171025334  697.93/THR/19702015-05-17General Book Central Library, BUET697_930000000000000_THR_1970